01170 2200445 4500001002100000005001500021035002000036007000300056008004100059020002200100082001100122084001700133100002600150245013200176250001000308300003300318500002100351650001800372650001200390700002800402600002200430264003000452336002100482337003000503338002300533990001200556990001200568990001200580990001200592990001200604990001200616990001200628990001200640990001200652990001200664990001200676990001200688990001200700990001200712INLIS00000000000024920231024091238 a0010-1023000030ta231024 0 ind  a978-979-29-8398-2 a621.92 a621.92 GUN t0 aGunanto, AePengarang1 aTeknik Pemesinan Gerinda: Program Keahlian Teknik Mesin SMK/MAK Kelas XII :bKompetensi Keahlian Teknik Pemesinan /cA. Gunanto acet 2 aix, 166 hlm :bilus ;c25 cm aTeknik Pemesinan 4aAlat Pengasah 4aGerinda0 aJoko PramonoePengarang 4aTeknik, Alat-alat aYogyakarta :bAndi,c2019 2rdacontentateks 2rdamediaatanpa perantara 2rdacarrieravolume a21.0169 a21.0170 a21.0171 a21.0172 a21.0173 a21.0174 a21.0175 a21.0176 a21.0177 a21.0178 a21.0179 a21.0180 a21.0181 a21.0182